[Event "67th RUS-ch Superfinal Women 2017"]
[Site "St. Petersburg"]
[Date "2017.12.14"]
[Round "11"]
[White "Kovalevskaya, Ekaterina"]
[Black "Bodnaruk, Anastasia"]
[Result "1/2-1/2"]
[WhiteElo "2405"]
[BlackElo "2428"]
[Annotator "TA"]
[PlyCount "179"]
[EventDate "2017.??.??"]
[EventType "tourn"]
[EventCountry "RUS"]
[SourceTitle "playchess.com"]
[Source "ChessBase"]
[SourceQuality "1"]

{[%evp 16,179,0,-7,-17,-24,-3,-62,-56,-85,-83,-100,-84,-155,-118,-147,-72,-85,-50,-54,-57,-50,-8,-137,-79,-99,-101,-110,-104,-116,-104,-113,-89,-92,-90,-110,-93,-121,-111,-141,-84,-85,-54,-48,-62,-91,-93,-88,-65,-73,-64,-72,-6,-10,0,0,6,0,0,-3,19,14,13,-64,0,-77,-77,-77,-77,-100,-90,-102,-95,-81,-71,-96,-76,-77,-80,-79,-71,-65,-58,-125,-124,-106,-109,-131,-90,-111,-111,-100,-95,-154,-151,-143,-111,-135,-132,-150,-142,-145,-136,-128,-100,-101,-28,-31,-29,-393,-392,-407,-282,-555,-445,-346,-166,-321,-321,-578,-653,-646,-576,-843,-800,-881,-838,-768,-679,-1054,-1023,-721,-34,-34,-8,-34,-8,-8,-8,-10,0,0,0,0,0,-8,0,0,0,0,0,0,0,0,0,0,0,0,0,0,0,0,0,0,0,0]} 1. e4 c5 2. Nf3 d6 3. c3 Nf6 4. Bd3 Nc6 5. O-O Bg4 6. Bc2 {B50: Sicilian: 2...d6, Miscellaneous} (6. Re1 e6 7. h3 Bh5 8. Bf1 Be7 9. d3 O-O 10. Nbd2 d5 11. exd5 Nxd5 12. g3 Qc7 13. Bg2 Rad8 {½-½ (80) Miroshnichenko,E (2621)-Areshchenko,A (2691) Kiev 2012}) 6... e6 7. h3 Bh5 8. d3 Be7 9. Nbd2 {LiveBook: 16 Games} Qc7 10. Re1 O-O-O $146 ({Predecessor:} 10... Rd8 11. Nf1 d5 12. Qe2 dxe4 13. dxe4 Nd7 {0-1 (27) Szymczak,Z (2390)-Gross,S (2355) Decin 1978}) 11. a3 ({White should play} 11. Ba4 $11) 11... g5 $15 12. Nc4 g4 13. hxg4 Nxg4 14. d4 ({White should try} 14. Qd2) 14... cxd4 15. cxd4 d5 (15... Rhg8 $142 {White must now prevent ...d5.} 16. Bf4 Nge5 $1 {[%mdl 512]} 17. dxe5 dxe5) 16. exd5 $17 Rxd5 17. Be4 {[#]} Rxd4 $1 {[%mdl 512]} 18. Qc2 (18. Nxd4 {leads to mate.} Qh2+ 19. Kf1 Ne3+ $1 {[%mdl 512]} 20. fxe3 Qh1+ 21. Kf2 Bh4+ 22. g3 Bxg3+ $1 {[%mdl 512]} 23. Kxg3 Rg8+ 24. Qg4 Rxg4+ 25. Kf2 Qh2+ 26. Kf3 Rh4#) 18... Bg6 (18... Bh4 $5 19. Be3 Nxe3 20. Rxe3 Bxf3 21. Bxf3 Kb8 $15) 19. Ncd2 {[#]} (19. Bxg6 $1 $11 hxg6 20. Nce5) 19... Bxe4 (19... Bh4 $142 $1 {[%mdl 512]} 20. Rf1 (20. Nxh4 Qh2+) 20... Rhd8 21. Bxg6 hxg6) 20. Nxe4 Rd5 $36 {[%mdl 2048] White is under strong pressure.} 21. b4 Rg8 {...Rf5 is the strong threat.} 22. Bb2 Kb8 23. Rad1 Rgd8 24. Rxd5 Rxd5 25. Qc4 Qb6 26. Rf1 h5 $1 27. Bc1 Qb5 (27... Qc7 $142 28. Re1 a6) 28. Bf4+ Ka8 29. Qxb5 Rxb5 30. Nc3 Rf5 31. Bg3 Nf6 32. Rd1 Nd5 33. Ne4 h4 (33... Nb6 $17) 34. Bd6 $1 $11 Bd8 35. b5 Na5 36. Rc1 {[%cal Rc1c8]} Nb6 37. Ne5 a6 38. bxa6 bxa6 39. Nc5 (39. Rb1 $11) 39... Nc8 (39... Nb7 $15 40. Nxb7 Kxb7) 40. Rd1 (40. Bf8 $11) 40... Nb7 $17 41. Nxb7 Kxb7 42. Nc4 Rd5 43. Rb1+ Kc6 44. Bf4 Bc7 45. Be3 f6 46. Kf1 Ne7 47. Nb6 Rb5 48. Rc1+ Kd6 49. Na4 {[#]} (49. Rd1+ $15 Nd5 50. Nxd5 Rxd5 51. Rc1) 49... Nd5 $1 50. Bc5+ Kd7 51. Rc4 Nf4 {( -> ...Rb1+)} 52. Nc3 Rb3 53. Be3 Be5 54. Ne4 ({Better is} 54. Bxf4 Rxc3 55. Rxc3 Bxc3 56. Ke2) 54... Rb1+ 55. Rc1 Rxc1+ 56. Bxc1 {[%mdl 4096] Endgame KBN-KBN} Nd3 57. Be3 f5 {[%cal Bf6f5,Bf5f4][%mdl 32]} 58. Nd2 f4 59. Bb6 Bf6 60. Ke2 Ne5 (60... Nb2 $17 61. Ne4 Be7) 61. Bd4 $11 Kc6 62. Bxe5 $2 {[%mdl 8192]} (62. Nf3 $11 {and White has nothing to worry.} Kd5 63. Bxe5 Bxe5 64. Nxh4) 62... Bxe5 {KB-KN} 63. Kd3 Kd5 64. f3 $2 (64. a4) 64... Bd4 $19 65. Ne4 Bg7 (65... Bb2 $142 66. a4 Bd4) 66. Nd2 $2 {[#]} (66. Ng5 {only move.}) 66... Bf8 $1 67. Nc4 $2 (67. a4 {was the only defense.} Bh6 68. Ne4) 67... Kc5 68. Ne5 Kb5 69. Nc4 Ka4 70. Ke4 Kb3 71. Na5+ Kxa3 72. Kxf4 Kb4 73. Nb7 a5 $2 (73... Bg7 $19 {And now ...Bf6 would win.} 74. Kg5 Be5 75. Kxh4 Kb5) 74. Nxa5 $1 $15 Bd6+ (74... Kxa5 {is interesting.} 75. Ke5 Kb5 76. Kxe6 Bh6 77. Kf5 Be3) 75. Kg5 Kxa5 (75... Be7+ {seems wilder.} 76. Kf4 Kxa5 77. Ke5 Bd8 78. Kxe6 Bc7) 76. Kxh4 {KB-KPP. The position is equal.} Kb5 {Hoping for ...Kc5.} 77. Kg5 $1 Kc5 {Strongly threatening ...Kd5.} 78. Kf6 Kd5 79. g4 Bc7 80. Ke7 Bf4 81. Kf6 Be5+ 82. Kf7 Bf4 83. Kf6 Bg3 (83... Kd6 $5) 84. g5 Be5+ 85. Kf7 Bh8 86. g6 Ke5 87. g7 Bxg7 $1 88. Kxg7 Kf4 89. Kf6 Kxf3 (89... e5 $5) 90. Kxe6 {Precision: White = 45%, Black = 56%.} 1/2-1/2

[Event "67th RUS-ch Superfinal Women 2017"]
[Site "St. Petersburg"]
[Date "2017.12.14"]
[Round "11"]
[White "Shuvalova, Polina"]
[Black "Goryachkina, Aleksandra"]
[Result "1/2-1/2"]
[WhiteElo "2385"]
[BlackElo "2486"]
[Annotator "TA"]
[PlyCount "82"]
[EventDate "2017.??.??"]
[EventType "tourn"]
[EventCountry "RUS"]
[SourceTitle "playchess.com"]
[Source "ChessBase"]
[SourceQuality "1"]

{[%evp 19,82,18,20,18,23,26,18,-9,10,0,0,0,0,-15,-3,-12,0,0,0,0,0,0,0,-7,0,-1,0,-3,0,-7,0,-5,0,0,0,-18,0,-16,0,0,0,-17,0,0,0,0,0,0,0,0,24,0,0,0,0,0,0,-8,0,-16,0,-2,0,-14,0]} 1. e4 e6 2. d4 d5 3. Nd2 c5 4. exd5 Qxd5 5. Ngf3 cxd4 6. Bc4 Qd7 {C07: Französische Verteidigung (Tarrasch-Variante)} 7. O-O Nc6 8. Nb3 a6 9. Nbxd4 Nxd4 10. Nxd4 Qc7 {LiveBook: 72 Partien} 11. Bd3 Bd6 12. h3 Nf6 13. Bg5 {[#]} Bh2+ $146 ({Vorgänger:} 13... Be5 14. c3 h6 15. Bh4 Bd7 16. Re1 O-O-O 17. Qf3 Bxd4 18. cxd4 Bc6 19. Qe2 Rxd4 20. Bg3 {½-½ (46) Karjakin,S (2781)-Caruana,F (2808) Paris 2017}) 14. Kh1 {[#] Lxf6 ist eine echte Drohung.} Be5 15. c3 h6 16. Bd2 O-O 17. Re1 Bd7 18. Nf3 Bf4 19. Bxf4 Qxf4 20. Qe2 Qc7 21. c4 a5 22. Ne5 Rfd8 23. Rad1 Bc6 24. Bb1 b6 25. Bc2 Qb7 26. Kh2 Rac8 27. Rd3 Rxd3 28. Qxd3 (28. Bxd3 {is more complex.} Rd8 29. a3 Qc7 30. Kg1 Bb7 31. Bc2) 28... Qc7 29. Kg1 Rd8 30. Qe2 Ba8 31. Rd1 Rxd1+ 32. Qxd1 Kf8 33. Ba4 Ke7 34. Qd4 Bb7 35. a3 Qc5 {Die Stellung ist ausgeglichen.} 36. Qxc5+ bxc5 $11 {KLS-KLS} 37. f3 g5 38. h4 Nh7 39. Bc2 Nf6 40. Ba4 Nh7 41. Bc2 Nf6 {Precision: Weiß = 47%, Schwarz = 60%.} 1/2-1/2

[Event "67th RUS-ch Superfinal Women 2017"]
[Site "St. Petersburg"]
[Date "2017.12.14"]
[Round "11"]
[White "Gritsayeva, Oksana"]
[Black "Pogonina, Natalija"]
[Result "1/2-1/2"]
[WhiteElo "2373"]
[BlackElo "2469"]
[Annotator "TA"]
[PlyCount "82"]
[EventDate "2017.??.??"]
[EventType "tourn"]
[EventCountry "RUS"]
[SourceTitle "playchess.com"]
[Source "ChessBase"]
[SourceQuality "1"]

{[%evp 19,82,3,6,4,4,5,4,3,1,1,1,6,4,4,4,0,0,0,0,0,0,0,0,0,0,-18,-18,-20,-20,-20,-14,-16,-17,-9,-2,-3,0,0,0,-11,0,-20,0,-9,0,0,0,0,0,-20,0,0,0,0,0,0,0,0,0,0,0,0,0,0,0]} 1. e4 e5 2. Nf3 Nc6 3. Bb5 a6 4. Bxc6 dxc6 5. O-O Qf6 6. d4 {C68: Ruy Lopez: Exchange Variation, sidelines} exd4 7. Bg5 Qd6 8. Nxd4 Bd7 9. Nc3 Ne7 10. Bh4 O-O-O {LiveBook: 8 Games. The position is equal.} 11. Bg3 Qf6 $1 {White must now prevent ...Be6.} 12. Qh5 Qxd4 13. Qa5 $1 {[%csl Gg3][%cal Ra5c7]} Qb6 14. Qxb6 cxb6 {[#]} 15. Na4 $146 {[%cal Ra4b6] [#]} Nd5 $1 16. exd5 {[%cal Ra4b6]} Bc5 $1 17. Nxc5 bxc5 18. Rad1 Rhe8 19. f3 cxd5 20. Rxd5 b6 21. Rfd1 Bf5 22. Rxd8+ (22. Rd6 {keeps more tension.} Rxd6 23. Rxd6 Re6 24. Rd2 Re7 25. Kf2) 22... Rxd8 23. Rxd8+ Kxd8 $11 {[%mdl 4096] Endgame KB-KB} 24. c3 Bb1 25. a3 Kd7 26. Kf2 Kc6 27. Ke3 Kd5 28. Bc7 b5 29. h4 Bc2 30. Bd8 Bb3 31. Be7 Bc4 32. Bf8 g6 33. Kf4 Bf1 34. g4 Be2 35. Ke3 Bd1 36. b4 cxb4 37. axb4 Ke5 38. Bg7+ Kd5 39. Kf4 Be2 40. Ke3 Bd1 41. Kf4 Be2 {Precision: White = 76%, Black = 57%.} 1/2-1/2

[Event "67th RUS-ch Superfinal Women 2017"]
[Site "St. Petersburg"]
[Date "2017.12.14"]
[Round "11"]
[White "Ovod, Evgenija"]
[Black "Girya, Olga"]
[Result "1/2-1/2"]
[WhiteElo "2364"]
[BlackElo "2484"]
[Annotator "TA"]
[PlyCount "202"]
[EventDate "2017.??.??"]
[EventType "tourn"]
[EventCountry "RUS"]
[SourceTitle "playchess.com"]
[Source "ChessBase"]
[SourceQuality "1"]

{[%evp 23,202,0,0,0,0,0,0,0,0,0,7,6,6,0,0,0,0,0,7,4,16,4,34,10,19,14,37,0,49,58,72,58,126,127,135,127,117,117,117,117,117,128,123,28,34,35,61,58,106,98,106,98,118,3,16,3,3,3,3,3,183,3,3,3,3,3,3,3,3,3,3,3,3,2,2,2,2,0,0,0,0,0,0,0,0,0,0,0,0,0,0,0,0,0,0,0,0,0,0,0,0,0,0,0,0,0,0,0,0,0,0,0,0,0,0,0,0,0,0,0,0,0,0,0,0,0,0,0,0,0,0,0,0,0,0,0,0,0,0,0,0,0,0,0,0,0,0,0,0,0,0,0,0,0,0,0,0,0,0,0,0,0,0,0,0,0,0,0,0,0,0,0,0,0,0,0,0,0,0,0,0]} 1. e4 c6 2. d4 d5 3. exd5 cxd5 4. Bd3 Nc6 5. c3 Nf6 6. Bf4 Bg4 7. Qb3 Qd7 8. Nd2 e6 9. Ngf3 Bd6 10. Bxd6 Qxd6 11. Qxb7 {B13: Caro-Kann (Abtausch-Variante 4.c4)} (11. O-O O-O 12. Rfe1 Nd7 13. Qc2 h6 14. Nh4 e5 15. Bh7+ Kh8 16. Bf5 Bxf5 17. Nxf5 Qf6 18. dxe5 Ndxe5 {0-1 (108) Artemiev,V (2696)-Sarana,A (2543) Sochi 2017}) 11... Rb8 12. Qa6 O-O {LiveBook: 3 Partien} (12... Rxb2 $6 13. Bb5 $16) 13. O-O Rb6 ({Doch nicht} 13... Rxb2 $6 14. Bb5 $16) 14. Qa3 Qxa3 15. bxa3 Rc8 $146 ({Vorgänger:} 15... Rfb8 16. Rfb1 Kf8 17. Rxb6 Rxb6 18. Rb1 Rxb1+ 19. Bxb1 Bxf3 20. Nxf3 {½-½ (31) Schneider,I (2368)-Kuehn,P (2384) Fuegen 2006}) 16. Rab1 Bxf3 17. Nxf3 Na5 18. Rxb6 axb6 19. Rc1 Nc4 20. Bxc4 dxc4 $11 {[%mdl 4096] Endspiel KTS-KTS} 21. Nd2 Nd5 22. Kf1 Kf8 23. g3 Ke7 24. Ke2 h5 25. h4 Nf6 26. Kd1 Nd5 {[#]} 27. Kc2 $1 Kd7 (27... b5 $14) 28. Rb1 $16 f6 29. a4 Ra8 30. Nxc4 Rxa4 31. Nxb6+ Nxb6 32. Rxb6 Rxa2+ {[#] KT-KT} 33. Kd3 (33. Rb2 $1 $16 {[%cal Rb2a2]} Ra7 34. Kd3) 33... Rxf2 $11 {und nun wäre ...Tf3+ stark für Schwarz.} 34. Rb7+ Kd6 35. Rxg7 e5 36. dxe5+ Kxe5 37. Kc4 Kd6 38. Rh7 (38. Kd4 $16) 38... Rf3 39. Rxh5 Rxg3 40. Rh8 {Schwarz sollte Kb4 verhindern.} f5 41. h5 Rg4+ $2 (41... Ke6 $11 {und Schwarz steht sicher.}) 42. Kb5 $2 ({Weiss kommt nicht vorbei an} 42. Kd3 $18 Rg3+ 43. Ke2) 42... f4 {Die Stellung ist ausgeglichen.} 43. h6 f3 $1 44. h7 {Beabsichtigt Td8+ und Matt.} f2 45. Rf8 Rh4 46. Rxf2 (46. Rf6+ {seems wilder.} Kc7 47. Rf7+ Kb8 48. Rf8+ Kc7 49. Rxf2 Rxh7 50. Rf4) 46... Rxh7 47. Kb6 Kd7 48. c4 Rh1 49. Rf7+ Kc8 $1 50. c5 Rc1 51. Rh7 Rc2 52. Kc6 {[%cal Rh7h8]} Kb8 $1 53. Rb7+ Kc8 54. Ra7 {[%cal Ra7a8]} Kb8 55. Ra4 Rc1 56. Rh4 Rc2 57. Rg4 {Und Th4 würde nun gewinnen.} Rc1 58. Rf4 Rc2 59. Re4 {Tf4 ist eine echte Drohung.} Rc1 60. Rd4 Kc8 61. Rd2 Rc3 62. Rg2 {[%cal Rg2g8]} Kb8 $1 63. Rg8+ Ka7 64. Rc8 {Und weiter mit Te8 wäre nett.} Rh3 65. Re8 Rc3 66. Re1 Kb8 67. Rb1+ Kc8 68. Kb6 Kd7 69. Rd1+ Kc8 70. Kc6 Rc2 71. Rf1 {[%cal Rf1f8]} Kb8 $1 72. Rf8+ Ka7 73. Rd8 Rc1 74. Rd5 Kb8 75. Kd6 Kb7 76. Rd2 Rc3 77. Rb2+ Kc8 78. Kc6 Rc1 79. Re2 {[%cal Re2e8]} Kb8 $1 80. Re6 Rc2 81. Kb6 {[%cal Re6e8]} Rb2+ 82. Kc6 {zielt auf Te8+ ab.} Rc2 83. Re8+ Ka7 84. Kd6 Kb7 85. Re7+ Kc8 86. Kc6 {[%cal Re7e8]} Kb8 $1 87. Rb7+ Kc8 88. Rb5 (88. Rb1 {is interesting.} Rc4 89. Kb6 Rd4 90. Rf1 Rb4+ 91. Ka7) 88... Rc1 89. Ra5 {[%cal Ra5a8]} (89. Rb4 {is more complex.} Rf1 90. Kb5 Rc1 91. Rb3 Kd7 92. Rd3+) 89... Kb8 $1 90. Kd7 Rd1+ 91. Kc6 Rc1 92. Ra3 Rc2 93. Rd3 {Droht stark Tg3.} Kc8 94. Rh3 {[%cal Rh3h8]} (94. Rd1 {feels hotter.} Rb2 95. Rd5 Rc2 96. Rd6 Rb2 97. Rd3) 94... Kb8 $1 95. Rh8+ Ka7 96. Rd8 {Schwarz muss nun Td3 beachten.} Rc1 97. Rd5 {Droht Kc7 und aus.} Kb8 98. Kd7 Kb7 99. c6+ Rxc6 100. Rb5+ Rb6 101. Rxb6+ Kxb6 {Precision: Weiß = 72%, Schwarz = 77%.} 1/2-1/2

[Event "67th RUS-ch Superfinal Women 2017"]
[Site "St. Petersburg"]
[Date "2017.12.14"]
[Round "12.1"]
[White "Pogonina, Natalija"]
[Black "Goryachkina, Aleksandra"]
[Result "0-1"]
[WhiteElo "2469"]
[BlackElo "2486"]
[Annotator "TA"]
[PlyCount "104"]
[EventDate "2017.??.??"]
[EventType "tourn"]
[EventCountry "RUS"]
[SourceTitle "playchess.com"]
[Source "ChessBase"]
[SourceQuality "1"]

{[%evp 18,104,34,17,16,15,18,-32,-20,-22,-10,-34,-30,-23,-24,-13,-22,-34,43,0,10,-5,-4,-7,-11,-8,-14,-16,-6,-28,0,0,0,0,26,0,0,0,0,-45,-45,-52,-56,-41,-15,-293,-177,-875,-860,-875,-870,-758,-838,-814,-815,-753,-722,-383,-383,-1844,-2031,-2027,-1923,-1825,-1499,-1817,-1806,-1777,-1777,-29977,-29975,-29982,-29983,-29983,-29984,-29985,-29986,-29986,-29987,-29987,-29988,-29989,-29990,-29990,-29991,-29991,-29992,-29993,-1159]} 1. d4 d5 2. c4 c6 3. e3 Nf6 4. Nc3 e6 5. Nf3 Nbd7 6. Qc2 Bd6 7. Bd3 O-O 8. O-O dxc4 9. Bxc4 e5 10. Bb3 {LiveBook: 168 Games} a5 {D46: Semi-Slav: 5 e3 Nbd7 6 Bd3, Black avoids the Meran} (10... Qe7 11. h3 b6 12. Rd1 Bb7 13. e4 Rad8 14. Bg5 Bb8 15. dxe5 Nxe5 16. Nd4 h6 17. Be3 Ng6 18. Nf5 Qc7 19. e5 Qxe5 20. Nxh6+ {1-0 (29) Lenderman,A (2621)-Li,R (2535) Dayton 2016}) 11. a3 $146 ({Predecessor:} 11. Bd2 h6 12. Rfd1 exd4 13. Nxd4 Qc7 14. h3 Nc5 15. Bc4 Rd8 16. Be1 Qe7 17. Rac1 Bd7 18. a4 b6 19. Nf5 Bxf5 20. Qxf5 Qe5 21. Qxe5 Bxe5 {½-½ (21) Vrbica,L (2348)-Kasik,M (2232) ICCF Email 2007}) 11... Qe7 12. dxe5 Nxe5 {Black is slightly better.} 13. Nd4 c5 14. Nf5 Bxf5 $1 15. Qxf5 c4 16. Bc2 {[#] And now Nd5! would win.} g6 17. Qg5 Neg4 ({Black should play} 17... Nd3 $15) 18. h3 (18. f3 {is more complex.} Ne5 19. e4 Rac8 20. Kh1 Nd3 21. f4) 18... Ne5 19. Ne4 Nxe4 20. Qxe7 Bxe7 21. Bxe4 Rfd8 22. Bxb7 Rab8 23. Be4 f5 24. Bc2 Bf6 25. Rb1 Rd7 26. Rd1 Rxd1+ $1 27. Bxd1 Nd3 $36 {[%mdl 2048] White is under pressure.} 28. Be2 a4 29. Kf1 Kf7 30. Bd2 Rxb2 31. Bxd3 $4 {[%mdl 8192] [#]} (31. Rxb2 $11 Bxb2 32. Bb4) 31... cxd3 $19 32. Rxb2 $2 (32. Rd1) 32... Bxb2 $15 {[%mdl 4096] Endgame KB-KB} 33. Bb4 Ke6 34. Ke1 Kd5 35. Kd2 Kc4 36. f3 Be5 37. g4 Bc7 38. gxf5 $2 (38. g5 Bd8 39. h4) 38... gxf5 $19 39. Kd1 Be5 40. Kd2 Bb2 41. Bd6 Bc3+ 42. Kd1 Kb3 43. Bc5 Bb2 {Black mates.} 44. e4 fxe4 45. fxe4 Bxa3 46. Bxa3 Kxa3 {K3P-KPP} 47. e5 Kb3 48. e6 a3 49. e7 a2 50. e8=Q a1=Q+ 51. Kd2 Qc3+ 52. Kd1 Qc2+ {Precision: White = 26%, Black = 72%.} 0-1

[Event "67th RUS-ch Superfinal Women 2017"]
[Site "St. Petersburg"]
[Date "2017.12.14"]
[Round "12.2"]
[White "Goryachkina, Aleksandra"]
[Black "Pogonina, Natalija"]
[Result "1-0"]
[WhiteElo "2486"]
[BlackElo "2469"]
[Annotator "TA"]
[PlyCount "114"]
[EventDate "2017.??.??"]
[EventType "tourn"]
[EventCountry "RUS"]
[SourceTitle "playchess.com"]
[Source "ChessBase"]
[SourceQuality "1"]

{[%evp 12,114,48,13,96,73,74,53,92,76,112,62,67,41,54,51,71,31,30,8,8,22,4,4,10,-37,-39,-50,-45,-60,-63,-78,-78,-92,-23,-75,-16,-16,-8,-14,-12,-12,-4,-3,0,-1,0,0,43,41,40,29,147,147,433,441,418,425,349,138,289,289,265,271,713,623,913,572,467,170,170,155,155,154,1786,360,330,0,0,0,0,0,0,-8,0,0,0,-7,0,0,0,0,40,40,37,0,0,0,0,0,0,0,0,0,1611]} 1. e4 e5 2. Nf3 d6 3. d4 exd4 4. Qxd4 Nc6 5. Bb5 Bd7 6. Bxc6 Bxc6 7. Nc3 {LiveBook: 56 Games} Ne7 {C62: Ruy Lopez: Steinitz Defence} (7... Nf6 $11) (7... Nf6 8. Bg5 Be7 9. O-O-O O-O 10. Rhe1 Re8 11. Qd2 Qd7 12. Nd4 h6 13. Bf4 Ng4 14. Nf5 Bf8 15. f3 Ne5 16. Qf2 b5 17. g4 b4 18. Ne2 a5 {0-1 (48) Sandipan,C (2579)-Bu,X (2714) Beijing 2008}) 8. Bg5 f6 9. Be3 Ng6 {White is slightly better.} 10. O-O-O Be7 11. Qc4 Ne5 12. Nxe5 $146 ({Predecessor:} 12. Qb3 Nxf3 13. gxf3 Qd7 14. Rhg1 g6 15. Nd5 a6 {1-0 (54) Yu,Y (2574)-Yu,L (2407) China 2010}) 12... fxe5 13. f4 exf4 14. Bxf4 Rf8 15. g3 Qd7 16. Rhe1 O-O-O 17. Nd5 Kb8 18. Qd4 Bf6 19. Qb4 {Black should prevent Nxc7!} Rfe8 20. Nxf6 gxf6 21. e5 fxe5 {[#]} 22. Bxe5 $1 {[%mdl 512] [#]} Bf3 (22... Qf7 $1 $17 23. Bc3 Qxa2) (22... dxe5 23. Rxd7) 23. Bf6 {[#]} (23. Rd3 $1 $11) 23... Rc8 (23... c5 $1 $17 {[%cal Rc5b4]} 24. Qd2 Bxd1 25. Bxd8 Rxe1 26. Qxe1 Bxc2) 24. Rxe8 $11 Qxe8 25. Re1 Qf7 26. Qc3 Bh5 27. b3 Bg6 28. h4 {[%cal Bh2h4,Bh4h5][%mdl 32]} Qd5 29. g4 {[%cal Bg3g4,Bg4g5][%mdl 32]} Qg2 30. h5 $36 {[%mdl 2048] White has good play.} Be4 31. g5 c5 (31... d5 $11 {remains equal.}) 32. Qd2 $16 Qg4 $2 {[%mdl 8192]} (32... Qxd2+ $16 {is a better defense.} 33. Kxd2 Bf5) 33. Qxd6+ $18 Ka8 34. Qe5 Bf5 35. Qe2 $2 (35. Qd5 $18 {is more deadly.}) 35... Qb4 $2 (35... Qh4 $16 {was worth a try.}) 36. Qd2 Qa3+ 37. Bb2 Qxa2 $2 (37... Qb4 38. Re7 Qg4) 38. Qd5 Bxc2 39. Kxc2 c4 40. Qe6 $2 (40. b4 Qa4+ 41. Kb1 Qxb4 42. Qe6) 40... cxb3+ 41. Kd3 {[%cal Re6c8]} Rd8+ 42. Kc3 a6 $2 (42... Qa5+ $16 43. Kxb3 Qb5+ 44. Ka2 Qa5+ 45. Kb1 Qxg5) 43. Qe5 $2 (43. Ra1 Qxa1 44. Bxa1) 43... Qa4 {With the idea ...Rc8+.} 44. Re4 $2 (44. Qf5 $18) 44... Rc8+ $11 45. Kd3 Qd7+ 46. Ke3 Qh3+ 47. Kd4 Qg2 {[%cal Rg2d2]} 48. Re2 Qg1+ 49. Qe3 Qb1 ({Resist} 49... Qg4+ 50. Kd3 $17) 50. Qxb3 {Strongly threatening Qe6.} Rd8+ 51. Kc4 {And now Kb4 would win.} Qf1 52. Qe3 {aiming for Bf6.} Qd1 53. Kb4 {Black must now prevent Qb6.} Rd5 {The position is equal.} 54. Qe8+ Ka7 {( -> ...a5+)} 55. Qe3+ b6 {Hoping for ...a5+.} 56. Qe7+ Rd7 57. Qe6 {Threatens to win with Ka3.} b5 $2 {[%mdl 8192] Precision: White = 56%, Black = 37%.} (57... a5+ $11 58. Ka3 Rd3+ 59. Ka2 Qa4+ 60. Kb1 Qd1+ 61. Ka2 (61. Bc1 $2 Rc3 $19) 61... Qa4+ 62. Kb1 Qd1+ 63. Ka2 (63. Bc1 $2 Rc3 $19)) 1-0